000 00292nam a22001337a 4500
008 170308b xxu||||| |||| 00| 0 eng d
020 _a9781586630973
041 _aeng
080 _a511
100 _a6
101 _aSHM
245 _aNEW ATLAS HUMAN ANATOMY
_cMCCRACKEN.TH
942 _2udc
_cBK
999 _c7221
_d7221